[Event "ONJK 2017 C"]
[Site "Borne, Netherlands"]
[Date "2017.08.11"]
[Round "8.6"]
[White "Salomons, Quinten"]
[Black "Hoeneveld, Maarten"]
[Result "0-1"]
[WhiteElo "1633"]
[BlackElo "1946"]
[PlyCount "62"]
[EventDate "2017.08.??"]

1. c4 g6 2. Nc3 Bg7 3. g3 d6 4. Bg2 e5 5. Rb1 f5 6. b4 Nf6 7. d3 O-O 8. e3 c6
9. Nge2 Be6 10. b5 d5 11. bxc6 bxc6 12. cxd5 cxd5 13. d4 Ne4 14. Nxe4 dxe4 15.
a3 Nc6 16. Bb2 Qa5+ 17. Bc3 Qxa3 18. O-O Rfd8 19. Ra1 Qe7 20. Qa4 exd4 21. exd4
Qd6 22. Rfd1 Rab8 23. d5 Bxd5 24. Nf4 Bxc3 25. Rxd5 Qb4 26. Qxc6 Bxa1 27. Rxd8+
Rxd8 28. Ne6 Rb8 29. Ng5 Qe7 30. Qd5+ Kh8 31. Bf1 Qxg5 0-1

[Event "ONJK 2017 C"]
[Site "Borne, Netherlands"]
[Date "2017.08.11"]
[Round "8.7"]
[White "Kamp, Adrian"]
[Black "Skabs, Denis"]
[Result "1/2-1/2"]
[WhiteElo "1773"]
[BlackElo "1536"]
[PlyCount "54"]
[EventDate "2017.08.??"]

1. e4 e5 2. d4 exd4 3. Nf3 Nf6 4. e5 Nd5 5. Bc4 Nb6 6. Bb3 Be7 7. O-O d5 8.
exd6 Qxd6 9. Qxd4 O-O 10. Nc3 Bd7 11. Bf4 Qxd4 12. Nxd4 Na6 13. Nd5 Nxd5 14.
Bxd5 c6 15. Bf3 Nb4 16. a3 Nd5 17. Bxd5 cxd5 18. Rad1 Rad8 19. Rfe1 Rfe8 20. c3
Bf6 21. Nf3 Bc6 22. h3 h6 23. Ne5 Bxe5 24. Rxe5 Rxe5 25. Bxe5 f6 26. Bd4 b6 27.
Re1 Kf7 1/2-1/2

[Event "ONJK 2017 C"]
[Site "Borne, Netherlands"]
[Date "2017.08.11"]
[Round "8.8"]
[White "Faybish, Benjamin"]
[Black "Wensing, Jonathan"]
[Result "1/2-1/2"]
[WhiteElo "1628"]
[BlackElo "1667"]
[PlyCount "80"]
[EventDate "2017.08.??"]

1. b4 Nf6 2. Bb2 e6 3. a3 c5 4. bxc5 Bxc5 5. e3 d5 6. Nf3 Nc6 7. Bb5 O-O 8. O-O
Bd7 9. Bxc6 bxc6 10. d4 Bd6 11. Nbd2 Qe7 12. c4 Rab8 13. Qc2 Rfc8 14. c5 Bc7
15. Rab1 Rb5 16. Bc3 Rcb8 17. a4 Rxb1 18. Rxb1 Qd8 19. Rb3 g6 20. Qb2 Nh5 21.
Rxb8 Qxb8 22. Qxb8+ Bxb8 23. Ba5 f6 24. h3 Kf7 25. Kf1 h6 26. Ke2 e5 27. Ne1 e4
28. Nc2 Bc8 29. Nb4 Bb7 30. Nb3 Ke8 31. Nc2 Ba6+ 32. Ke1 f5 33. Bd2 Bc7 34. Na5
Kd7 35. Nb4 Bxa5 36. Nxa6 Bxd2+ 37. Kxd2 Ng7 38. a5 Ne6 39. Nb4 g5 40. f3 h5
1/2-1/2

[Event "ONJK 2017 C"]
[Site "Borne, Netherlands"]
[Date "2017.08.11"]
[Round "8.9"]
[White "Van Cleef, Matteo"]
[Black "Klaren, Duncan"]
[Result "1-0"]
[WhiteElo "1449"]
[BlackElo "1661"]
[PlyCount "59"]
[EventDate "2017.08.??"]

1. e4 c5 2. Nf3 d6 3. d4 cxd4 4. Nxd4 Nf6 5. Nc3 a6 6. Be3 Ng4 7. Bg5 h6 8. Bh4
g5 9. Be2 Ne5 10. Bg3 Bg7 11. Qd2 Nbc6 12. O-O-O b5 13. Nxc6 Nxc6 14. h4 b4 15.
Nd5 Qa5 16. Kb1 g4 17. f3 Rb8 18. fxg4 Qa3 19. Nc7+ Kf8 20. bxa3 bxa3+ 21. Nb5
Bxg4 22. Bf1 Bxd1 23. Qxd1 Nd4 24. Kc1 Nxb5 25. Bxb5 Rxb5 26. Qg4 Bd4 27. Bf4
h5 28. Qc8+ Kg7 29. Qxa6 Rhb8 30. Kd2 1-0

[Event "ONJK 2017 C"]
[Site "Borne, Netherlands"]
[Date "2017.08.11"]
[Round "8.10"]
[White "Paays, Dominggus"]
[Black "Baselmans, Daan"]
[Result "1/2-1/2"]
[WhiteElo "1624"]
[BlackElo "1659"]
[PlyCount "47"]
[EventDate "2017.08.??"]

1. b4 e5 2. Bb2 f6 3. a3 d5 4. e3 c5 5. bxc5 Bxc5 6. d4 Bd6 7. c4 Be6 8. Nc3
Ne7 9. Nf3 Nd7 10. Be2 O-O 11. O-O e4 12. Nd2 f5 13. f4 Rf6 14. cxd5 Nxd5 15.
Nxd5 Bxd5 16. Bc4 Bxc4 17. Nxc4 Nb6 18. Qb3 Nxc4 19. Qxc4+ Kh8 20. Rfc1 Rf8 21.
Rc3 Rc8 22. Qb3 Rxc3 23. Qxc3 Rf7 24. Rc1 1/2-1/2

[Event "ONJK 2017 C"]
[Site "Borne, Netherlands"]
[Date "2017.08.11"]
[Round "8.11"]
[White "Maters, Arthur"]
[Black "Martinez, Sara"]
[Result "1-0"]
[WhiteElo "1727"]
[BlackElo "1469"]
[PlyCount "71"]
[EventDate "2017.08.??"]

1. e4 e6 2. d4 d5 3. Nd2 c5 4. c3 Nc6 5. Ngf3 Qb6 6. exd5 exd5 7. Qe2+ Be7 8.
Qb5 Qxb5 9. Bxb5 Nf6 10. Ne5 Bd7 11. Nxd7 Nxd7 12. dxc5 Nxc5 13. Nf3 a6 14. Be2
O-O 15. Be3 f5 16. g3 Ne4 17. O-O-O Nf6 18. Ng5 Rac8 19. Ne6 Rfe8 20. Bf3 Bd6
21. Nd4 Nxd4 22. Bxd4 Be5 23. Rhe1 Bxd4 24. Rxe8+ Rxe8 25. Rxd4 Re5 26. c4 b6
27. Bxd5+ Nxd5 28. Rxd5 Rxd5 29. cxd5 Kf7 30. Kd2 Ke7 31. Kd3 Kd6 32. Kd4 g6
33. f4 h6 34. h4 h5 35. b3 b5 36. b4 1-0

[Event "ONJK 2017 C"]
[Site "Borne, Netherlands"]
[Date "2017.08.11"]
[Round "8.12"]
[White "De Zoeten, Cato"]
[Black "Mainka, Alwin"]
[Result "0-1"]
[WhiteElo "1511"]
[BlackElo "1723"]
[PlyCount "44"]
[EventDate "2017.08.??"]

1. e4 e5 2. Nf3 Nf6 3. Nxe5 d6 4. Nf3 Nxe4 5. Nc3 Nxc3 6. dxc3 Be7 7. Be3 Bg4
8. Be2 Nc6 9. Qd2 Qd7 10. O-O-O O-O-O 11. h3 Bh5 12. g4 Bg6 13. Nd4 Rhe8 14.
Bc4 Ne5 15. Bb3 c5 16. f4 cxd4 17. Bxd4 Nf3 18. Qf2 Be4 19. Bxa7 Bh4 20. Qf1
Nd2 21. Rxd2 (21. Kxd2) 21... Bxh1 22. Qxh1 Re1+ 0-1

[Event "ONJK 2017 C"]
[Site "Borne, Netherlands"]
[Date "2017.08.11"]
[Round "8.13"]
[White "Kaersenhout, Diego"]
[Black "Roothaan, Elmar"]
[Result "0-1"]
[WhiteElo "1535"]
[BlackElo "1659"]
[PlyCount "120"]
[EventDate "2017.08.??"]

1. e4 c5 2. Nc3 d6 3. f4 a6 4. Nf3 e6 5. d3 Nc6 6. g3 Be7 7. Bg2 Nf6 8. O-O h6
9. h3 d5 10. Qe1 Nb4 11. Qe2 d4 12. Nd1 Bd7 13. a3 Nc6 14. c3 Rb8 15. g4 Nh7
16. Qf2 b6 17. Kh1 f6 18. Bd2 O-O 19. Rg1 e5 20. f5 Ng5 21. h4 Nxf3 22. Bxf3
Na5 23. Rb1 Nb3 24. Qe2 Nxd2 25. Qxd2 a5 26. Nf2 b5 27. Nh3 b4 28. axb4 dxc3
29. bxc3 axb4 30. c4 Rb6 31. Rg2 Rd6 32. Rbg1 Bc6 33. Nf2 Rf7 34. Ra1 Qb6 35.
Rgg1 Rf8 36. Rgb1 Rfd8 37. Ra2 Ra8 38. Rba1 Rxa2 39. Rxa2 Rd7 40. Nd1 Ra7 41.
Ne3 Ra5 42. Nd5 Bxd5 43. exd5 Qa6 44. Rxa5 Qxa5 45. Qc2 Qa3 46. Bd1 Kf7 47. h5
Bd8 48. Kg2 Ke7 49. Kf3 Kd6 50. Ke4 Qa1 51. Qa4 Qd4+ 52. Kf3 Qxd3+ 53. Kf2 Qd4+
54. Kg2 Ke7 55. Qb3 e4 56. Be2 Bc7 57. Qd1 Qe5 58. Kg1 e3 59. Kf1 Qh2 60. Bf3
Qf2# 0-1

[Event "ONJK 2017 C"]
[Site "Borne, Netherlands"]
[Date "2017.08.11"]
[Round "8.14"]
[White "Hatzmann, Mirthe"]
[Black "Bleeker, Kasper"]
[Result "0-1"]
[WhiteElo "1251"]
[BlackElo "1627"]
[PlyCount "40"]
[EventDate "2017.08.??"]

1. e4 e5 2. Nf3 Nc6 3. Bc4 Nf6 4. Nc3 Nxe4 5. Nxe4 d5 6. Bxd5 Qxd5 7. Nc3 Qa5
8. h3 Bd6 9. d3 Bd7 10. Bd2 Qa6 11. a3 f5 12. Qe2 O-O-O 13. O-O-O Rde8 14. Rhe1
Nd4 15. Qf1 Rhf8 16. Nxd4 exd4 17. Na2 Ba4 18. Bb4 Qc6 19. Bc3 (19. Re2 Rxe2
20. Qxe2 Bf4+ 21. Kb1 Re8) 19... dxc3 20. Nxc3 b6 {... [53]} 0-1

[Event "ONJK 2017 C"]
[Site "Borne, Netherlands"]
[Date "2017.08.11"]
[Round "8.15"]
[White "Tiggelman, Laura"]
[Black "Terwee, Michiel"]
[Result "1-0"]
[WhiteElo "1468"]
[BlackElo "1626"]
[PlyCount "113"]
[EventDate "2017.08.??"]

1. e4 e5 2. Nf3 Nc6 3. Bc4 Bc5 4. c3 Nf6 5. d4 exd4 6. e5 Ne4 7. cxd4 Bb4+ 8.
Bd2 Nxd2 9. Nbxd2 O-O 10. O-O d5 11. Bd3 Bg4 12. Qa4 Bxd2 13. Nxd2 Qg5 14. f4
Qh6 15. Rae1 Ne7 16. Qc2 Rfc8 17. Nb3 Kh8 18. Re3 Qh5 19. f5 g6 20. f6 Nf5 21.
Bxf5 Bxf5 22. Qf2 b6 23. Qf4 Rg8 24. g4 Qxg4+ 25. Qxg4 Bxg4 26. Rc1 Rgc8 27.
Rec3 Be6 28. Rxc7 Rxc7 29. Rxc7 h5 30. Nd2 Kh7 31. h4 Rc8 32. Rxc8 Bxc8 33. Nf3
Kg8 34. Kf2 Kf8 35. Ke3 Kg8 36. Kf4 Kh7 37. Kg5 Bg4 38. Nd2 Bd7 39. Nb1 Bc6 40.
Nc3 Kg8 41. b4 a6 42. a4 Bb7 43. a5 b5 44. Ne2 Kf8 45. Kh6 Bc8 46. Nc1 Kg8 47.
Nd3 Kf8 48. Nc5 Kg8 49. Kg5 Kf8 50. Nd3 Bd7 51. Nf4 Bc6 52. e6 fxe6 53. Nxe6+
Kg8 54. Kxg6 Be8+ 55. Kf5 Kf7 56. Nd8+ Kf8 57. Ke6 1-0

[Event "ONJK 2017 C"]
[Site "Borne, Netherlands"]
[Date "2017.08.11"]
[Round "8.16"]
[White "Rodrigues Pereira, Kuba"]
[Black "Rogge, Parcival"]
[Result "0-1"]
[WhiteElo "1600"]
[BlackElo "1508"]
[PlyCount "60"]
[EventDate "2017.08.??"]

1. d4 d5 2. c4 Nf6 3. cxd5 Qxd5 4. Nc3 Qd8 5. e4 e6 6. Bg5 Be7 7. Bd3 O-O 8.
Nf3 Nbd7 9. h4 c5 10. e5 Nd5 11. Bxe7 Qxe7 12. Bxh7+ Kxh7 13. Ng5+ Kg8 14. Qh5
N7f6 15. exf6 Nxf6 16. Qd1 Rd8 17. Nf3 cxd4 18. Ne2 e5 19. Ng5 d3 20. Ng3 d2+
21. Kf1 Bd7 22. Nh5 Bf5 23. Ng3 Bd3+ 24. Kg1 Qb4 25. h5 Qxb2 26. h6 Bc2 27. h7+
Nxh7 28. Qh5 Qxa1+ 29. Nf1 Qxf1+ 30. Kxf1 d1=Q+ 0-1

[Event "ONJK 2017 C"]
[Site "Borne, Netherlands"]
[Date "2017.08.11"]
[Round "8.17"]
[White "Adema, Marrit"]
[Black "Hungeling, David"]
[Result "1-0"]
[WhiteElo "1541"]
[BlackElo "1438"]
[PlyCount "51"]
[EventDate "2017.08.??"]

1. d4 e6 2. e4 d5 3. e5 c5 4. Nf3 Nc6 5. c3 Qb6 6. Be2 cxd4 7. cxd4 Nge7 8. b3
Nf5 9. Bb2 Bb4+ 10. Kf1 O-O 11. g4 Nfe7 12. h4 f6 13. Qc2 fxe5 14. Ng5 g6 15.
h5 exd4 (15... Nxd4) 16. hxg6 Nxg6 17. Nxh7 d3 (17... Rxf2+ 18. Kxf2 d3+) 18.
Bxd3 Nge5 19. Nxf8 Bxf8 20. Be2 Kf7 21. g5 Nb4 22. Qh7+ Ke8 23. Bxe5 Qc6 24.
Bh5+ Kd8 25. Bf6+ Be7 26. Qxe7# 1-0

[Event "ONJK 2017 C"]
[Site "Borne, Netherlands"]
[Date "2017.08.11"]
[Round "8.18"]
[White "Achuthan, Dylan"]
[Black "Woest, Imre"]
[Result "1-0"]
[WhiteElo "1655"]
[BlackElo "1385"]
[PlyCount "85"]
[EventDate "2017.08.??"]

1. e4 c5 2. Nf3 d6 3. c3 Nf6 4. Be2 Nxe4 5. Qa4+ Bd7 6. Qxe4 Nc6 7. O-O g6 8.
d3 Bg7 9. Na3 O-O 10. Qe3 a6 11. Qd2 Qc7 12. Nc2 Ne5 13. b3 Bc6 14. Nxe5 Bxe5
15. f4 Bg7 16. Bb2 Rae8 17. Rae1 b5 18. Ne3 e5 19. fxe5 Rxe5 20. Ng4 Re6 21. c4
f6 22. Kh1 h5 23. Nf2 Rfe8 24. Qd1 Qb7 25. Rg1 Bh6 26. Bf3 Rxe1 27. Rxe1 Rxe1+
28. Qxe1 Bxf3 29. gxf3 Qxf3+ 30. Kg1 Be3 31. Kf1 Bxf2 32. Qxf2 Qxd3+ 33. Qe2
Qxe2+ 34. Kxe2 Kf7 35. cxb5 axb5 36. a4 bxa4 37. bxa4 Ke7 38. Bxf6+ Kd7 39. h4
d5 40. Ke3 Kc6 41. Bd8 Kd7 42. Bb6 Kc6 43. a5 1-0

[Event "ONJK 2017 C"]
[Site "Borne, Netherlands"]
[Date "2017.08.11"]
[Round "8.19"]
[White "Bungarten, Jona"]
[Black "Schelleman, Martijn"]
[Result "1-0"]
[WhiteElo "1640"]
[BlackElo "1393"]
[PlyCount "71"]
[EventDate "2017.08.??"]

1. e4 e5 2. Nf3 Nc6 3. Bc4 Bc5 4. b4 Bxb4 5. c3 Ba5 6. d4 exd4 7. Qb3 Qe7 8.
O-O dxc3 9. Nxc3 Bxc3 10. Qxc3 Nf6 11. Re1 O-O 12. e5 Ng4 13. Ba3 d6 14. exd6
Qf6 15. Qxf6 Nxf6 16. d7 Bxd7 17. Bxf8 Rxf8 18. Ne5 Nxe5 19. Rxe5 h6 20. Re7 b5
21. Bf1 c6 22. Rd1 Rd8 23. g3 Nd5 24. Ree1 Bg4 25. Be2 h5 26. Bxg4 hxg4 27. Re4
f5 28. Re5 Rf8 29. Re6 Rf6 30. Rxf6 gxf6 31. Rc1 Ne7 32. a4 b4 33. a5 a6 34.
Rc4 Nd5 35. Rxc6 b3 36. Rxa6 1-0

[Event "ONJK 2017 C"]
[Site "Borne, Netherlands"]
[Date "2017.08.11"]
[Round "8.20"]
[White "Heskes, Johan"]
[Black "Hubers, Daan"]
[Result "1-0"]
[WhiteElo "1600"]
[BlackElo "1387"]
[PlyCount "49"]
[EventDate "2017.08.??"]

1. d4 c6 2. c4 Na6 3. Nc3 Nc7 4. Bf4 f6 5. Nf3 d6 6. e4 Bg4 7. Be2 e5 8. Be3
Qd7 9. h3 Bh5 10. Rb1 Nh6 11. Qd2 Nf7 12. Nxe5 dxe5 13. Bxh5 O-O-O 14. Bg4 Ne6
15. d5 Kb8 16. Bxe6 Qe7 17. b4 cxd5 18. cxd5 g5 19. Bc5 Qe8 20. Qe2 Bxc5 21.
bxc5 Qe7 22. Qa6 h5 23. d6 Nxd6 24. Bd5 Ne8 25. Rxb7+ 1-0

[Event "ONJK 2017 C"]
[Site "Borne, Netherlands"]
[Date "2017.08.12"]
[Round "9.1"]
[White "Muntean, Victor"]
[Black "Grutter, Tim"]
[Result "1-0"]
[WhiteElo "1784"]
[BlackElo "1891"]
[PlyCount "111"]
[EventDate "2017.08.??"]

1. e4 e5 2. Nf3 Nc6 3. d4 exd4 4. Bc4 Nf6 5. e5 d5 6. Bb5 Ne4 7. Nxd4 Bd7 8.
Bxc6 bxc6 9. O-O Bc5 10. Be3 Bb6 11. Nd2 c5 12. N4b3 Nxd2 13. Qxd2 d4 14. Bg5
Qc8 15. c3 O-O 16. cxd4 cxd4 17. Nxd4 h6 18. Be3 Rd8 19. Qe2 Bxd4 20. Bxd4 Qb7
21. Rfd1 Be6 22. b3 Rd5 23. Rd2 Rad8 24. Rad1 c6 25. Qe3 a6 26. h3 Qb4 27. g4
g5 28. Bc3 Qe7 29. f4 gxf4 30. Qxf4 Qg5 31. Qxg5+ hxg5 32. Rxd5 Bxd5 33. e6
fxe6 34. Bf6 Rf8 35. Rf1 Kh7 36. Bxg5 Rxf1+ 37. Kxf1 a5 38. Bd2 a4 39. bxa4
Bxa2 40. a5 Kg6 41. Kf2 c5 42. a6 Bd5 43. a7 e5 44. h4 c4 45. h5+ Kf6 46. g5+
Kf5 47. g6 Kf6 48. Bc3 Bc6 49. Bxe5+ Kxe5 50. g7 Bd5 51. a8=Q Bxa8 52. g8=Q Bd5
53. Qg7+ Ke4 54. h6 Kd3 55. h7 c3 56. h8=Q 1-0

[Event "ONJK 2017 C"]
[Site "Borne, Netherlands"]
[Date "2017.08.12"]
[Round "9.2"]
[White "Albertus, Bram"]
[Black "Roebers, Eline"]
[Result "1/2-1/2"]
[WhiteElo "1616"]
[BlackElo "1852"]
[PlyCount "22"]
[EventDate "2017.08.??"]

1. e4 c6 2. d4 d5 3. exd5 cxd5 4. Bd3 Nf6 5. c3 Nc6 6. Bf4 g6 7. Nf3 Bg7 8. Qc2
Qb6 9. Nbd2 Bd7 10. O-O O-O 11. h3 Rac8 1/2-1/2

[Event "ONJK 2017 C"]
[Site "Borne, Netherlands"]
[Date "2017.08.12"]
[Round "9.3"]
[White "Hoeneveld, Maarten"]
[Black "Honkoop, Gilian"]
[Result "1/2-1/2"]
[WhiteElo "1946"]
[BlackElo "1916"]
[PlyCount "63"]
[EventDate "2017.08.??"]

1. d4 Nf6 2. c4 e5 3. dxe5 Ng4 4. Nf3 Bc5 5. e3 Nc6 6. a3 a5 7. b3 Ngxe5 8. Bb2
d6 9. Nc3 O-O 10. Be2 Be6 11. O-O Nxf3+ 12. Bxf3 Ne5 13. Bxb7 Rb8 14. Bd5 Nxc4
15. bxc4 Rxb2 16. Na4 Rb8 17. Bxe6 fxe6 18. Nxc5 dxc5 19. Qc2 Qf6 20. Rab1 Rb6
21. g3 Rd8 22. Rb5 Qf3 23. Qa4 Rbd6 24. Qxa5 Rd2 25. Rbb1 Ra2 26. Qxc5 Rf8 27.
e4 Qxe4 28. Qxc7 Raxf2 29. Rxf2 Qxb1+ 30. Kg2 Qe4+ 31. Kf1 Qd3+ 32. Kg2 1/2-1/2

[Event "ONJK 2017 C"]
[Site "Borne, Netherlands"]
[Date "2017.08.12"]
[Round "9.4"]
[White "De Putter, Nina"]
[Black "Elgersma, Onno"]
[Result "1/2-1/2"]
[WhiteElo "1469"]
[BlackElo "2030"]
[PlyCount "49"]
[EventDate "2017.08.??"]

1. e4 e6 2. d4 d5 3. Nd2 Nf6 4. e5 Nfd7 5. f4 c5 6. c3 Nc6 7. Ndf3 Qb6 8. Ne2
cxd4 9. cxd4 a5 10. Nc3 Be7 11. a3 Rb8 12. Na4 Qa7 13. Nc3 Qb6 14. Na4 Qd8 15.
Nc3 g6 16. Bd3 Na7 17. O-O b5 18. b4 Qc7 19. Na2 Nc6 20. Bd2 Qa7 21. Bc3 h6 22.
Kh1 a4 23. Rc1 Ba6 24. Qc2 Kd8 25. Bb2 1/2-1/2

[Event "ONJK 2017 C"]
[Site "Borne, Netherlands"]
[Date "2017.08.12"]
[Round "9.5"]
[White "Van Cleef, Matteo"]
[Black "Gevorkjan, Lewon"]
[Result "0-1"]
[WhiteElo "1449"]
[BlackElo "1836"]
[PlyCount "106"]
[EventDate "2017.08.??"]

1. e4 d5 2. exd5 Nf6 3. d4 Nxd5 4. c4 Nb6 5. Be3 Bf5 6. Nc3 e6 7. Be2 N8d7 8.
Nf3 Be7 9. O-O O-O 10. b3 Bf6 11. Rc1 Qe7 12. Qd2 h6 13. Rfd1 Rad8 14. h3 c6
15. Ne1 Rfe8 16. Nc2 Nf8 17. Bd3 Bxd3 18. Qxd3 e5 19. d5 e4 20. Qd2 Ng6 21. d6
Qd7 22. Bxb6 axb6 23. Na4 Be5 24. Nxb6 Qxd6 25. Qxd6 Rxd6 26. c5 Rd3 27. Nc4
Red8 28. Rxd3 exd3 29. N2e3 Bf4 30. Rd1 Ne7 31. g3 Bxe3 32. fxe3 Rd5 33. b4 Rg5
34. Kf2 Rd5 35. Nd6 Ng6 36. Nxb7 Rd7 37. Nd6 Ra7 38. Rd2 Ra4 39. Rb2 Ne5 40.
Ke1 Kf8 41. Kd2 Ra3 42. b5 cxb5 43. Nxb5 Ra5 44. Kd1 Ke7 45. Nd4 Rxc5 46. Rb7+
Kd6 47. Nf5+ Kd5 48. Nxg7 Ke4 49. Rb2 Nc4 50. Rb4 Kxe3 51. Rb3 Kd4 52. a4 Ke3
53. Rb4 Kd4 0-1

[Event "ONJK 2017 C"]
[Site "Borne, Netherlands"]
[Date "2017.08.12"]
[Round "9.6"]
[White "Bleeker, Kasper"]
[Black "Kamp, Adrian"]
[Result "1-0"]
[WhiteElo "1627"]
[BlackElo "1773"]
[PlyCount "95"]
[EventDate "2017.08.??"]

1. e4 c5 2. d4 cxd4 3. c3 dxc3 4. Nxc3 Nc6 5. Bc4 e6 6. Nf3 a6 7. O-O Nge7 8.
Bf4 Ng6 9. Bg3 b5 10. Bb3 Be7 11. Qd2 Bb7 12. Rac1 Na5 13. Rfd1 Nxb3 14. axb3
Bc6 15. Nd4 O-O 16. Nxc6 dxc6 17. Qe3 Qc8 18. Ne2 Qb7 19. h3 Rfd8 20. Nd4 c5
21. Nf3 h6 22. h4 Rac8 23. h5 Nf8 24. e5 Rd7 25. Rd2 Rxd2 26. Nxd2 Nd7 27. Ne4
c4 28. Nd6 Bxd6 29. exd6 Nb6 30. Qd4 Qc6 31. Qg4 Nd5 32. bxc4 Nf6 33. Qd4 bxc4
34. Be5 Qd5 35. Bxf6 gxf6 36. Qxf6 Qxd6 37. Rc3 Qd1+ 38. Kh2 Rc5 39. Rg3+ Kf8
40. Qxh6+ Ke7 41. Rf3 Qd6+ 42. Kh3 Qe5 43. g4 Qxb2 44. Qh7 c3 45. Rxf7+ Kd6 46.
Rd7+ Ke5 47. Qg7+ Kf4 48. Qd4+ 1-0

[Event "ONJK 2017 C"]
[Site "Borne, Netherlands"]
[Date "2017.08.12"]
[Round "9.7"]
[White "Toval, David"]
[Black "Paays, Dominggus"]
[Result "1/2-1/2"]
[WhiteElo "1742"]
[BlackElo "1624"]
[PlyCount "50"]
[EventDate "2017.08.??"]

1. e4 c5 2. c3 Nf6 3. e5 Nd5 4. d4 cxd4 5. Nf3 Nc6 6. cxd4 d6 7. Bc4 Nb6 8. Bb5
dxe5 9. Nxe5 Bd7 10. Nxd7 Qxd7 11. O-O e6 12. Nc3 Be7 13. Re1 O-O 14. Be3 Rfd8
15. Qg4 Nd5 16. Nxd5 Qxd5 17. Bxc6 bxc6 18. Red1 Bf6 19. Qe2 Rab8 20. a3 Rb3
21. Rac1 Rdb8 22. Rd2 R8b6 23. h3 h6 24. Rcc2 Kh7 25. Rd3 R6b5 1/2-1/2

[Event "ONJK 2017 C"]
[Site "Borne, Netherlands"]
[Date "2017.08.12"]
[Round "9.8"]
[White "Skabs, Denis"]
[Black "Maters, Arthur"]
[Result "1/2-1/2"]
[WhiteElo "1536"]
[BlackElo "1727"]
[PlyCount "52"]
[EventDate "2017.08.??"]

1. e4 c5 2. d4 cxd4 3. c3 dxc3 4. Nxc3 Nc6 5. Nf3 d6 6. Bc4 a6 7. O-O Nf6 8. e5
dxe5 9. Qxd8+ Kxd8 10. Ng5 Kc7 11. Nxf7 Rg8 12. Nxe5 e6 13. Nxc6 Kxc6 14. Bf4
Nd5 15. Nxd5 exd5 16. Bb3 Bc5 17. Rac1 a5 18. Rfd1 Be6 19. Be3 b6 20. Ba4+ Kd6
21. Bf4+ Ke7 22. Bc6 Raf8 23. Bg3 Rd8 24. Bb5 g5 25. h4 h6 26. Re1 Kf7 1/2-1/2

[Event "ONJK 2017 C"]
[Site "Borne, Netherlands"]
[Date "2017.08.12"]
[Round "9.9"]
[White "Mainka, Alwin"]
[Black "Tjin a Lien, Jie-Ren"]
[Result "1/2-1/2"]
[WhiteElo "1723"]
[BlackElo "1620"]
[PlyCount "53"]
[EventDate "2017.08.??"]

1. e4 c5 2. Nf3 d6 3. d4 cxd4 4. Nxd4 Nf6 5. Nc3 e6 6. Be3 a6 7. f3 Nc6 8. Qd2
Qc7 9. Be2 Be7 10. O-O b5 11. Nxc6 Qxc6 12. a4 bxa4 13. Nxa4 Rb8 14. Kh1 O-O
15. c4 Rd8 16. Rfc1 h5 17. Bf4 h4 18. Rd1 Bb7 19. Nc3 Rbc8 20. Bg5 h3 21. Rg1
d5 22. e5 dxc4 23. Qf4 Nd5 24. Nxd5 Bxg5 25. Qxg5 Rxd5 26. gxh3 g6 27. Rg4
1/2-1/2

[Event "ONJK 2017 C"]
[Site "Borne, Netherlands"]
[Date "2017.08.12"]
[Round "9.10"]
[White "Wensing, Jonathan"]
[Black "Adema, Marrit"]
[Result "1-0"]
[WhiteElo "1667"]
[BlackElo "1541"]
[PlyCount "47"]
[EventDate "2017.08.??"]

1. e4 c5 2. Nf3 d6 3. d4 cxd4 4. Nxd4 Nf6 5. Nc3 g6 6. Be3 Bg7 7. f3 O-O 8. Qd2
Nc6 9. O-O-O d5 10. Qe1 Qa5 11. Nxc6 bxc6 12. Nxd5 Qxe1 13. Nxe7+ Kh8 14. Rxe1
Be6 15. Nxc6 a5 16. Nd4 Bxa2 17. Rd1 a4 18. Be2 Rfc8 19. Rd3 Nxe4 20. fxe4 Bc4
21. Rc3 Bxe2 22. Rxc8+ Rxc8 23. Nxe2 Rb8 24. Bd4 1-0

[Event "ONJK 2017 C"]
[Site "Borne, Netherlands"]
[Date "2017.08.12"]
[Round "9.11"]
[White "Roothaan, Elmar"]
[Black "Tiggelman, Laura"]
[Result "1-0"]
[WhiteElo "1659"]
[BlackElo "1468"]
[PlyCount "131"]
[EventDate "2017.08.??"]

1. d4 Nf6 2. Nf3 g6 3. Bf4 Bg7 4. e3 O-O 5. h3 d6 6. Bd3 Nbd7 7. c4 c6 8. Nc3
Re8 9. d5 Nc5 10. Bc2 a5 11. Rb1 cxd5 12. cxd5 Bd7 13. a4 Rb8 14. O-O b5 15.
axb5 Bxb5 16. Nxb5 Rxb5 17. Nd4 Rb7 18. Nc6 Qc7 19. Qf3 Rc8 20. e4 Nh5 21. Bg5
Re8 22. b3 e6 23. g4 h6 24. Bd2 Nf6 25. Bxa5 Qd7 26. b4 exd5 27. exd5 Nce4 28.
Bxe4 Nxe4 29. Rbd1 Ng5 30. Qg2 f5 31. f3 Rb5 32. h4 Nh7 33. g5 hxg5 34. hxg5
Qf7 35. f4 Re4 36. Kh1 Kh8 37. Nd8 Qg8 38. Ne6 Nf8 39. Qh2+ Qh7 40. Qxh7+ Kxh7
41. Nc7 Rb8 42. Rde1 Bc3 43. Rxe4 fxe4 44. Rb1 e3 45. Kg2 e2 46. Kf2 e1=Q+ 47.
Rxe1 Bxe1+ 48. Kxe1 Nd7 49. Kd2 Nb6 50. Kd3 Na4 51. b5 Nc5+ 52. Kc4 Kg7 53. Bb4
Rc8 54. b6 Nb7 55. Kb5 Kf7 56. Kc6 Rb8 57. Nb5 Ke8 58. Nxd6+ Nxd6 59. Bxd6 Rc8+
60. Bc7 Ra8 61. d6 Kf7 62. d7 Ke7 63. d8=Q+ Rxd8 64. Bxd8+ Kxd8 65. b7 Ke7 66.
b8=Q 1-0

[Event "ONJK 2017 C"]
[Site "Borne, Netherlands"]
[Date "2017.08.12"]
[Round "9.12"]
[White "Baselmans, Daan"]
[Black "Faybish, Benjamin"]
[Result "1-0"]
[WhiteElo "1659"]
[BlackElo "1628"]
[PlyCount "61"]
[EventDate "2017.08.??"]

1. e4 e5 2. Nf3 d6 3. Nc3 Be7 4. h3 Nf6 5. Bc4 Nc6 6. d3 h6 7. Be3 Na5 8. Bb3
Nxb3 9. axb3 a6 10. O-O O-O 11. Ne2 Nh7 12. Ng3 Ng5 13. Nxg5 Bxg5 14. f4 exf4
15. Bxf4 Bxf4 16. Rxf4 Qg5 17. Qf3 Be6 18. Rf1 Rad8 19. Nf5 Bxf5 20. Rxf5 Qe7
21. Qg3 c6 22. R1f4 d5 23. c3 dxe4 24. Rxe4 Qd7 25. Rf3 f6 26. Rh4 Kh8 27. d4
Qd6 28. Qg6 Qe7 29. Rg3 Rd5 30. Rxh6+ Kg8 31. Qh7+ 1-0

[Event "ONJK 2017 C"]
[Site "Borne, Netherlands"]
[Date "2017.08.12"]
[Round "9.13"]
[White "Rogge, Parcival"]
[Black "Salomons, Quinten"]
[Result "1/2-1/2"]
[WhiteElo "1508"]
[BlackElo "1633"]
[PlyCount "41"]
[EventDate "2017.08.??"]

1. e4 c5 2. Nf3 e6 3. c3 d5 4. exd5 Qxd5 5. d4 Nc6 6. Be3 cxd4 7. cxd4 Nf6 8.
Bd3 Bb4+ 9. Nc3 e5 10. dxe5 Bxc3+ 11. bxc3 Nxe5 12. Nxe5 Qxe5 13. O-O O-O 14.
Bd4 Qg5 15. f4 Qh4 16. Qc2 Nd5 17. f5 Bd7 18. Rf3 Rfe8 19. Rg3 f6 20. Qb3 Bc6
21. Bb5 1/2-1/2

[Event "ONJK 2017 C"]
[Site "Borne, Netherlands"]
[Date "2017.08.12"]
[Round "9.15"]
[White "Achuthan, Dylan"]
[Black "Heskes, Johan"]
[Result "1/2-1/2"]
[WhiteElo "1655"]
[BlackElo "1600"]
[PlyCount "76"]
[EventDate "2017.08.??"]

1. e4 c5 2. Nf3 d6 3. c3 Nf6 4. Be2 Nc6 5. d3 g6 6. h3 Bg7 7. Be3 b5 8. Nbd2
Nd7 9. O-O Bb7 10. Qc2 O-O 11. Nh2 b4 12. Rac1 a5 13. f4 a4 14. a3 e6 15. Bf3
Qe7 16. Kh1 f5 17. exf5 b3 18. Qb1 exf5 19. Rce1 Qd8 20. Bd5+ Kh8 21. Re2 Nf6
22. Bf3 Qd7 23. Rfe1 Rfe8 24. Nc4 Qc7 25. Nd2 Re7 26. Bf2 Rae8 27. Qd1 Qd7 28.
Nc4 Qc7 29. Nd2 Na5 30. Bxb7 Qxb7 31. Bh4 Qd7 32. Nhf3 Re6 33. Ng5 Rxe2 34.
Rxe2 Nd5 35. Rxe8+ Qxe8 36. Qf3 Nf6 37. Qf2 Nd5 38. Qf3 Nf6 1/2-1/2

[Event "ONJK 2017 C"]
[Site "Borne, Netherlands"]
[Date "2017.08.12"]
[Round "9.16"]
[White "Terwee, Michiel"]
[Black "Warnaar, Alisha"]
[Result "0-1"]
[WhiteElo "1626"]
[BlackElo "1560"]
[PlyCount "40"]
[EventDate "2017.08.??"]

1. d4 Nf6 2. c4 g6 3. Nc3 Bg7 4. e4 d6 5. Be3 O-O 6. Bd3 c5 7. d5 e6 8. Nge2
Na6 9. a3 Nc7 10. Qd2 Ng4 11. Bg5 f6 12. f3 fxg5 13. fxg4 exd5 14. exd5 Bxg4
15. h3 Bf5 16. g4 Bxd3 17. Qxd3 Qe7 18. O-O-O Rae8 19. Qd2 Rf2 20. Rhe1 Bxc3
0-1